| 000 | 00602nam a2200193 a 4500 | ||
|---|---|---|---|
| 001 | 3105 | ||
| 003 | CDMR | ||
| 005 | 20131112141541.0 | ||
| 008 | 130130s1990||||||||||||||||||||||||||||d | ||
| 020 | _a8486823056 | ||
| 040 |
_aCDMR _bcat _cCDMR |
||
| 100 | 1 |
_aPalacio Sánchez-Izquierdo, José Ricardo _92264 |
|
| 245 | 1 | 0 |
_aPeriodismo y secreto profesional _cJosé Ricardo Palacio Sánchez-Izquierdo |
| 260 |
_aBilbao _c1990 _bEl Correo Español-El Pueblo Vasco |
||
| 300 | _a68 p. | ||
| 650 | 0 | 4 |
_93087 _aSecret professional _xPeriodisme |
| 650 | 0 | 4 |
_93208 _aPeriodisme _xDret i legislació |
| 942 |
_cMON _2udc |
||
| 999 |
_c3105 _d3105 |
||